Методика калибровки РЛС при измерениях эффективной площади рассеяния целей над морем; Измерительная техника; № 11

Bibliographic Details
Parent link:Измерительная техника=Measurement Techniques: научно-технический журнал/ Российская Федерация, Федеральное агентство по техническому регулированию и метрологии (Ростехрегулирование) (Госстандарт России).— , 1940-1941, 1955-.— 0368-1025
№ 11.— 2002.— С. 37-40
Main Author: Леонтьев В. В.
Language:Russian
Published: 2002
Series:Радиотехнические измерения
Subjects:
Format: Book Chapter
KOHA link:https://koha.lib.tpu.ru/cgi-bin/koha/opac-detail.pl?biblionumber=384014

MARC

LEADER 00000naa2a2200000 4500
001 384014
005 20231101063213.0
035 |a (RuTPU)RU\TPU\prd\10187 
090 |a 384014 
100 |a 20030129a2002 k y0rusy50 ca 
101 0 |a rus 
102 |a RU 
200 1 |a Методика калибровки РЛС при измерениях эффективной площади рассеяния целей над морем  |f В. В. Леонтьев 
225 1 |a Радиотехнические измерения 
320 |a Библиогр.: 3 назв. 
461 1 |0 (RuTPU)RU\TPU\prd\1509  |x 0368-1025  |t Измерительная техника  |l Measurement Techniques  |o научно-технический журнал  |f Российская Федерация, Федеральное агентство по техническому регулированию и метрологии (Ростехрегулирование) (Госстандарт России)  |d 1940-1941, 1955- 
463 1 |0 (RuTPU)RU\TPU\prd\9176  |t № 11  |v С. 37-40  |d 2002 
610 1 |a калибровка 
610 1 |a эффективная площадь рассеяния 
610 1 |a калибровочный отражатель 
675 |a 621.396.96.06  |v 3 
700 1 |a Леонтьев  |b В. В. 
801 1 |a RU  |b 63413507  |c 20030129  |g PSBO 
801 2 |a RU  |b 63413507  |c 20121217  |g RCR 
942 |c BK